Johannes Honterus

Titel: Johannes Honterus : sein Leben und Werk im Bild / dargestellt von Gernot Nussbächer
Verfasser:
Ausgabe: 2., verb. u. erw. Aufl.
Veröffentlicht: Bukarest : Kriterion-Verlag, 1974
Umfang: 95 S. : Ill.; ; 20 cm
Format: Buch
Sprache: Deutsch
RVK-Notation:
Schlagworte:
Kein Bild verfügbar
X
Lokale Klassifikation: 55 15 O
alg: 7650128
001A    $06000:05-07-99 
001B    $01999:12-05-23 $t22:28:57.000 
001C    $03004:06-05-15 $t10:53:03.000 
001D    $00077:01-06-06 
001U    $0utf8 
001X    $00 
002@    $0Aar 
003@    $0076501280 
003O    $074213138 $aOCoLC 
004A    $fPp. : Lei 6.25 
006G    $0750346868 
006U    $075,A35,0710 
007A    $0750346868 $aDNB 
007G    $0DE020430D7C976409FFDCC1257E49004117AE 
009P    $qapplication/pdf $A2 $3Inhaltsverzeichnis $uhttp://scans.hebis.de/HEBCGI/show.pl?07650128_toc.pdf $mV:DE-603;B:DE-Mb50 
010@    $ager 
011@    $a1974 
021A    $aJohannes Honterus $dsein Leben und Werk im Bild $hdargestellt von Gernot Nussbächer 
028A    $7130487171 $8Nussbächer, Gernot$Z1939-2018 [Tp1] $913395952X 
032@    $a2., verb. u. erw. Aufl. 
033A    $pBukarest $nKriterion-Verlag 
034D    $a95 S. 
034I    $a20 cm 
034M    $aIll.; 
044F    $cHonterus, Johannes / Biographien 
045E    $b14a 
045F    $a306.0949809031 $eDDC23BSB 
045F/01 $a306.09 
045F/03 $f09031 
045F/03 $f09032 
045F/03 $g498 
045Z    $8NN 1662 [Tkv] $9410895784 
045Z    $8NN 1663 [Tkv] $9410895792 

lok: 7650128 24
101B    $006-05-15 $t10:53:03.000 
101C    $006-05-15 
101U    $0utf8 
145Z/01 $a55 15 O 

exp: 7650128 24 1 #EPN
201B/01 $006-05-15 $t10:53:50.000 
201C/01 $028-04-15 
201U/01 $0utf8 
203@/01 $0753723999 
208@/01 $a06-05-15 $bz 
209A/01 $a15.03694 $du $f050 $h15 03694 $x00 
209C/01 $a15.03694 K $h15 03694 K 
209G/01 $a73673127 $x00 
220C/01 $ahae 
244Z/01 $#Coronensis, Johannes Honterus $#Graß, Jan $#Gras, Johannes $#Groß, Johannes $#Honter, Jan $#Honter, Johann $#Coriarii, Johannes Honterus $#Honterus Coriarii, Johannes $#Honterus Coronensis, Johannes $#Johannes  $#Johannes  $#Honter, Johannes $#Coronensis, Johannes $#Holler, Johannes $#Jan  $#Gross, Johannes $#Hontherus, Johannes $#Honterus, Iohannes $#Honter, Joannes $#Honterus Coronensis, Joannes $#Honterus, Johann $#Honterus, Joannes $7118553445 $8--Tp1--Honterus, Johannes$Z1498-1549 $x01 $9086894471 
247C/01 $8358050-7 Marburg, Bibliothek des Herder-Instituts Marburg $9102600961 

lok: 7650128 25

exp: 7650128 25 1 #EPN
201B/01 $010-08-12 $t19:32:36.000 
201C/01 $001-06-06 
201U/01 $0utf8 
203@/01 $0402930169 
208@/01 $a01-06-06 $br 
209A/01 $aG VI c 38 $dd $f016 $x00 
209C/01 $a1976/601 
209G/01 $a60892149 $x00 
209G/01 $aKatholische Theologie $x01 
247C/01 $8651016-4 <77/016>Mainz, Universität Mainz, Bereichsbibliothek Katholische und Evangelische Theologie $9102599696 

lok: 7650128 63

exp: 7650128 63 1 #EPN
201B/01 $010-07-09 $t13:48:13.000 
201C/01 $010-07-09 
201U/01 $0utf8 
203@/01 $0577260715 
208@/01 $a10-07-09 $bz 
209A/01 $aE 2 / 252 $du $f097 $x00 
209B/01 $a26 $x06 
209C/01 $a2009.488 
247C/01 $8618097-8 Darmstadt, Zentralbibliothek der Evangelischen Kirche in Hessen und Nassau $9102600880 

lok: 7650128 205

exp: 7650128 205 1 #EPN
201B/01 $009-03-06 $t05:35:44.000 
201C/01 $022-03-01 
203@/01 $0152856587 
208@/01 $a22-03-01 $br 
209A/01 $aHa 76/353 $du $f000 $x00 
209B/01 $a98 $x05 
209G/01 $a21186120 $x00 
247C/01 $8351000-1 <4>Marburg, Universität Marburg, Universitätsbibliothek $9102594767 
201U/01 $0utf8
LEADER 00000cam a22000002c 4500
001 076501280
003 DE-603
005 20230512222857.0
007 tu
008 990705s1974 xx |||| | u00||u|ger
015 |a 75,A35,0710  |2 dnb 
016 7 |2 DE-101  |a 750346868 
035 |a (DE-599)DNB750346868 
035 |a (OCoLC)74213138 
040 |a DE-603  |b ger  |c DE-603  |d DE-603 
041 |a ger 
082 0 4 |8 1\u  |a 306.0949809031  |q DE-101  |2 23/BSB 
084 |a 14a  |q DE-101  |2 sdnb 
084 |a NN 1662  |0 (DE-625)126609:  |0 (DE-603)410895784  |2 rvk 
084 |a NN 1663  |0 (DE-625)126610:  |0 (DE-603)410895792  |2 rvk 
085 |8 1\u  |b 306.09 
085 |8 1\u  |z 1  |s 09031 
085 |8 1\u  |z 1  |s 09032 
085 |8 1\u  |z 2  |s 498 
100 1 |a Nussbächer, Gernot  |d 1939-2018  |0 (DE-603)13395952X  |0 (DE-588)130487171  |2 gnd 
245 0 0 |a Johannes Honterus  |b sein Leben und Werk im Bild  |c dargestellt von Gernot Nussbächer 
250 |a 2., verb. u. erw. Aufl. 
264 1 |a Bukarest  |b Kriterion-Verlag  |c 1974 
300 |a 95 S.  |b Ill.;  |c 20 cm 
600 1 7 |a Honterus, Johannes / Biographien  |2 local 
856 4 2 |m V:DE-603;B:DE-Mb50  |q application/pdf  |u http://scans.hebis.de/HEBCGI/show.pl?07650128_toc.pdf  |3 Inhaltsverzeichnis 
924 0 |9 Mb 50  |a (DE-603)753723999  |b DE-Mb50  |c HES  |d c  |g 15.03694 
924 0 |9 77/016  |a (DE-603)402930169  |b DE-77-016  |c HES  |d d  |g G VI c 38 
924 0 |9 Ds 97  |a (DE-603)577260715  |b DE-Ds97  |c HES  |d d  |g E 2 / 252 
924 0 |9 4  |a (DE-603)152856587  |b DE-4  |c HES  |d c  |g Ha 76/353